000 00377nam a2200169Ia 4500
100 _aSingal/T.L
650 _aWireless communication
942 _cBK
366 _f25
654 _aWireless communication
245 _aWireless communication
260 _bMc Graw Hill
_c2010
082 _a621.382
_bSIN
300 _a667
546 _aENGLISH
_celectronics
999 _c32975
_d32975